[Event "?"]
[Site "?"]
[Date "????.??.??"]
[Round "?"]
[White "Prostler, Andre"]
[Black "Zengin, Sedat"]
[Result "1-0"]
[WhiteElo "1953"]
[BlackElo "2085"]
[Annotator "7-28"]
[PlyCount "55"]
[EventDate "2004.08.13"]
[SourceDate "2004.08.13"]

1. e4 c5 2. Nf3 Nc6 3. d4 cxd4 4. Nxd4 Nf6 5. Nc3 e5 6. Ndb5 d6 7. Bg5 a6 8.
Na3 b5 9. Nd5 Be7 10. Nxe7 Nxe7 11. Bd3 d5 12. Bxf6 gxf6 13. exd5 Qxd5 14. f3
Ra7 15. c4 Qd4 16. Qe2 b4 17. Nc2 Qxb2 18. O-O a5 19. Rfb1 Qc3 20. Rb3 Qxa1+
21. Nxa1 Nc6 22. Nc2 Be6 23. Be4 Rc7 24. Bd5 Bf5 25. Bxc6+ Rxc6 26. Ne3 Be6 27.
Nd5 Bxd5 28. cxd5 1-0

[Event "?"]
[Site "?"]
[Date "????.??.??"]
[Round "?"]
[White "Scott, Guido"]
[Black "Ranario, Dan"]
[Result "1-0"]
[WhiteElo "2195"]
[BlackElo "2004"]
[Annotator "7-15"]
[PlyCount "69"]
[EventDate "2004.08.13"]
[SourceDate "2004.08.13"]

1. Nf3 d5 2. g3 c5 3. Bg2 Nc6 4. d3 e5 5. Nbd2 f6 6. O-O Be6 7. e4 d4 8. Nh4
Qd7 9. f4 O-O-O 10. a3 Bd6 11. Nc4 Bc7 12. fxe5 Nxe5 13. Nxe5 Bxe5 14. b4 c4
15. Bf4 g6 16. Bxe5 fxe5 17. Qd2 Qe7 18. Nf3 c3 19. Qg5 Qf6 20. Qxf6 Nxf6 21.
Ng5 Ng4 22. Nxe6 Ne3 23. Nxd8 Kxd8 24. Rf2 Ke7 25. Re1 Ng4 26. Rf3 Rf8 27. Rxf8
Kxf8 28. Bh3 Nh6 29. Rf1+ Ke7 30. Bc8 b6 31. h3 Ng8 32. Kg2 h5 33. g4 hxg4 34.
hxg4 Nf6 35. Rh1 1-0

[Event "?"]
[Site "?"]
[Date "????.??.??"]
[Round "?"]
[White "Sari, Serdar"]
[Black "Donati, Roberto"]
[Result "1/2-1/2"]
[WhiteElo "1906"]
[BlackElo "2166"]
[Annotator "7-21"]
[PlyCount "53"]
[EventDate "2004.08.13"]
[SourceDate "2004.08.13"]

1. d4 Nf6 2. Nc3 e6 3. e4 d5 4. Bg5 Be7 5. e5 Nfd7 6. Bxe7 Qxe7 7. Qg4 f5 8.
Qh5+ g6 9. Qh6 Nc6 10. Nf3 Nb6 11. a3 Bd7 12. Bb5 O-O-O 13. Bxc6 Bxc6 14. b4
Nc4 15. O-O Rdg8 16. Ng5 Nd2 17. Rfd1 Ne4 18. Ncxe4 fxe4 19. a4 Rf8 20. b5 Bd7
21. c4 Rf5 22. h4 Rhf8 23. Ra2 dxc4 24. Qxh7 Qe8 25. g3 Rh8 26. Qg7 Rg8 27. Qh6
1/2-1/2

[Event "?"]
[Site "?"]
[Date "????.??.??"]
[Round "?"]
[White "Nilsson, Erik"]
[Black "Kovarcik, Thomas"]
[Result "1/2-1/2"]
[WhiteElo "2175"]
[BlackElo "2222"]
[Annotator "7-12"]
[PlyCount "66"]
[EventDate "2004.08.13"]
[SourceDate "2004.08.13"]

1. d4 d5 2. c4 c6 3. Nf3 Nf6 4. Nc3 dxc4 5. a4 Bf5 6. e3 e6 7. Bxc4 Bb4 8. O-O
O-O 9. Qe2 Bg6 10. Ne5 Nbd7 11. Nxg6 hxg6 12. Rd1 Qa5 13. Bd2 Rad8 14. Be1 e5
15. dxe5 Nxe5 16. Bb3 Qc7 17. Rac1 Neg4 18. g3 Qe7 19. Rxd8 Rxd8 20. Rd1 Ne5
21. Kg2 a5 22. Na2 Bxe1 23. Qxe1 Rxd1 24. Qxd1 Qd7 25. Qxd7 Nfxd7 26. Bc2 Kf8
27. Kf1 Ke7 28. Ke2 g5 29. f4 gxf4 30. exf4 Nc4 31. b3 Ncb6 32. Nc3 Nc5 33. g4
f6 1/2-1/2

[Event "?"]
[Site "?"]
[Date "????.??.??"]
[Round "?"]
[White "Olesen, Michael J"]
[Black "Celen, Gazi"]
[Result "1-0"]
[WhiteElo "1845"]
[BlackElo "2119"]
[Annotator "7-22"]
[PlyCount "83"]
[EventDate "2004.08.13"]
[SourceDate "2004.08.13"]

1. Nf3 g6 2. d4 Bg7 3. c4 d6 4. Nc3 Nf6 5. g3 O-O 6. Bg2 c5 7. O-O Nc6 8. e3 e5
9. d5 Ne7 10. e4 Nd7 11. a3 f5 12. Ng5 Nf6 13. Re1 Nxe4 14. Ncxe4 fxe4 15. Bxe4
Rf6 16. Bg2 h6 17. Ne4 Rf8 18. Rb1 Nf5 19. Kh1 Nd4 20. f4 Kh7 21. b4 b6 22.
bxc5 bxc5 23. Bd2 Ba6 24. fxe5 Bxe5 25. Nxc5 Bxc4 26. Rb7+ Kg8 27. Bxh6 Rf2 28.
Qg4 Qe8 29. Be4 Nf5 30. Bxf5 Bxd5+ 31. Be4 Bxb7 32. Nxb7 Qf7 33. Bxg6 Rf1+ 34.
Kg2 Qf2+ 35. Kh3 Rxe1 36. Bf5+ Kh8 37. Qg6 Qf1+ 38. Kh4 Qc4+ 39. Bf4 Qc7 40.
Qh6+ Kg8 41. Be6+ Qf7 42. Qg6+ 1-0

[Event "?"]
[Site "?"]
[Date "????.??.??"]
[Round "?"]
[White "Csolto, Robert"]
[Black "Drabke, Lorenz M"]
[Result "0-1"]
[WhiteElo "2348"]
[BlackElo "2428"]
[Annotator "7-01"]
[PlyCount "54"]
[EventDate "2004.08.13"]
[SourceDate "2004.08.13"]

1. e4 c5 2. Nf3 e6 3. d4 cxd4 4. Nxd4 a6 5. g4 d5 6. e5 Ne7 7. f4 g5 8. f5 exf5
9. Bxg5 Rg8 10. Qd2 Qb6 11. Nb3 Nd7 12. Be3 Qc7 13. Nc3 Nxe5 14. O-O-O Nxg4 15.
Rg1 Rg6 16. Kb1 Nxe3 17. Qxe3 Be6 18. Rxg6 hxg6 19. Na4 Bg7 20. Nac5 Qe5 21.
Qc1 Qxh2 22. Nxb7 Bh6 23. Nd2 Qc7 24. b3 Qxb7 25. Qb2 Kf8 26. Nf3 Bg7 27. Qa3
a5 0-1

[Event "?"]
[Site "?"]
[Date "????.??.??"]
[Round "?"]
[White "van den Heuvel, Tonnie"]
[Black "McInnes, Neil"]
[Result "1-0"]
[WhiteElo "1962"]
[BlackElo "1880"]
[Annotator "7-36"]
[PlyCount "113"]
[EventDate "2004.08.13"]
[SourceDate "2004.08.13"]

1. e4 d6 2. d4 Nf6 3. Nc3 g6 4. Nf3 Bg7 5. Be2 O-O 6. O-O Bg4 7. Be3 Nbd7 8. h3
Bxf3 9. Bxf3 c6 10. a4 e5 11. dxe5 dxe5 12. Qd6 Re8 13. Qb4 Qc7 14. Qc4 Rec8
15. Rfd1 Nb6 16. Qb3 Rd8 17. a5 Rxd1+ 18. Bxd1 Nbd7 19. Be2 Bf8 20. f3 Ne8 21.
Nd1 Nc5 22. Qc3 Ne6 23. g3 Nd4 24. Kf2 c5 25. b3 Qd7 26. Bf1 Rc8 27. Nb2 Nd6
28. Kg2 Qc6 29. Bd3 Kh8 30. Nc4 Bg7 31. Nxd6 Qxd6 32. Bc4 f5 33. Qd2 Qf6 34. c3
Nc6 35. Bg5 Qf8 36. Qd7 f4 37. gxf4 exf4 38. Qxb7 Bxc3 39. Rd1 Bg7 40. Rd7 Nxa5
41. Qxa7 Nxc4 42. bxc4 Ra8 43. Qc7 Ra2+ 44. Kf1 Ra1+ 45. Ke2 Ra2+ 46. Rd2 Rxd2+
47. Kxd2 Qa8 48. Qd8+ Qxd8+ 49. Bxd8 Be5 50. Be7 Bd4 51. Bg5 Be5 52. Kd3 Kg7
53. Be7 Bd4 54. e5 h6 55. Bf6+ Kf7 56. Ke4 g5 57. Kf5 1-0

[Event "?"]
[Site "?"]
[Date "????.??.??"]
[Round "?"]
[White "van de Walle, Rob"]
[Black "Nielsen , Hendrik L "]
[Result "1-0"]
[WhiteElo "1935"]
[BlackElo "2028"]
[Annotator "7-30"]
[PlyCount "95"]
[EventDate "2004.08.13"]
[SourceDate "2004.08.13"]

1. d4 Nf6 2. c4 g6 3. Nf3 Bg7 4. Nc3 d5 5. Bg5 c6 6. e3 Qa5 7. Qd2 O-O 8. Be2
Bg4 9. Bh4 dxc4 10. Ne5 Bxe2 11. Qxe2 b5 12. O-O a6 13. Qf3 Qc7 14. a4 Ra7 15.
Rfd1 Qb7 16. Rd2 Ne8 17. h3 Nd6 18. axb5 cxb5 19. Qxb7 Rxb7 20. g4 f5 21. Nd5
Ne4 22. Rc2 e6 23. Nb4 Ra7 24. f3 Nf6 25. gxf5 exf5 26. Be1 Re8 27. Kf2 Bh6 28.
Bd2 Nh5 29. Nd5 Bg7 30. f4 Nf6 31. Nxf6+ Bxf6 32. Kf3 Bxe5 33. fxe5 Nd7 34. h4
Kf7 35. Kf4 Nb6 36. e4 fxe4 37. Kxe4 Ke6 38. Ba5 Na4 39. d5+ Kf7 40. e6+ Kg7
41. Bb4 a5 42. Bd6 Ra6 43. Be5+ Kg8 44. Bd4 h6 45. Rf1 Re7 46. Rcf2 Ra8 47. Rf6
b4 48. d6 1-0

[Event "?"]
[Site "?"]
[Date "????.??.??"]
[Round "?"]
[White "Vea, Odin Blikra"]
[Black "O'Neill, Steve"]
[Result "1-0"]
[WhiteElo "2057"]
[BlackElo "1320"]
[Annotator "7-35"]
[PlyCount "41"]
[EventDate "2004.08.13"]
[SourceDate "2004.08.13"]

1. e4 e5 2. Nf3 Nc6 3. d4 exd4 4. Bc4 Bb4+ 5. c3 dxc3 6. O-O cxb2 7. Bxb2 Nf6
8. e5 Ng4 9. h3 Ngxe5 10. Nxe5 Qf6 11. Bxf7+ Kd8 12. Nxc6+ Qxc6 13. Bxg7 Re8
14. Bxe8 Kxe8 15. Qb3 b6 16. Qg8+ Ke7 17. Qf8+ Ke6 18. Qf6+ Kd5 19. Qe5+ Kc4
20. Nd2+ Bxd2 21. Rfc1+ 1-0

[Event "?"]
[Site "?"]
[Date "????.??.??"]
[Round "?"]
[White "Alaslar, Devrim"]
[Black "Benedetti, Fabrizio"]
[Result "1/2-1/2"]
[WhiteElo "2051"]
[BlackElo "2199"]
[Annotator "7-09"]
[PlyCount "21"]
[EventDate "2004.08.13"]
[SourceDate "2004.08.13"]

1. e4 c5 2. Nf3 Nc6 3. d4 cxd4 4. Nxd4 Nf6 5. Nc3 Qc7 6. Be3 e6 7. f3 Bb4 8.
Ndb5 Qb8 9. a3 Be7 10. Qd2 a6 11. Nd4 1/2-1/2

[Event "?"]
[Site "?"]
[Date "????.??.??"]
[Round "?"]
[White "Morrison, Munroe"]
[Black "Keough, Robert"]
[Result "0-1"]
[WhiteElo "1720"]
[BlackElo "2080"]
[Annotator "7-33"]
[PlyCount "54"]
[EventDate "2004.08.13"]
[SourceDate "2004.08.13"]

1. e4 c5 2. Nf3 a6 3. g3 Nc6 4. Bg2 d6 5. d3 g6 6. O-O Bg7 7. h3 e5 8. Bg5 f6
9. Be3 Nge7 10. Nc3 O-O 11. Qd2 Nd4 12. Kh2 f5 13. Bh6 f4 14. Bxg7 Kxg7 15.
gxf4 Nxf3+ 16. Bxf3 Rxf4 17. Bg2 g5 18. Ne2 Ng6 19. Nxf4 Nxf4 20. Qe3 Be6 21.
Rg1 Qf6 22. Bf1 Rg8 23. Rg3 Kf7 24. Be2 h5 25. Rh1 h4 26. Bg4 hxg3+ 27. fxg3
Bxg4 0-1

[Event "?"]
[Site "?"]
[Date "????.??.??"]
[Round "?"]
[White "Hater, David"]
[Black "van Zandwijk, Jan Peter"]
[Result "1/2-1/2"]
[WhiteElo "2012"]
[BlackElo "2256"]
[Annotator "7-18"]
[PlyCount "88"]
[EventDate "2004.08.13"]
[SourceDate "2004.08.13"]

1. e4 Nf6 2. Nc3 e5 3. Nf3 Nc6 4. d4 exd4 5. Nd5 Be7 6. Nxd4 Nxd5 7. exd5 Nxd4
8. Qxd4 O-O 9. Be2 Bf6 10. Qd3 d6 11. O-O c5 12. c3 Re8 13. Re1 a6 14. Bf4 Qb6
15. Qc2 Bd7 16. Bd3 h6 17. Kf1 Be5 18. Bxe5 dxe5 19. b3 Qd6 20. Be4 Rf8 21. Bf5
Rad8 22. c4 e4 23. Bxd7 Rxd7 24. Qxe4 Qxh2 25. g3 Qh3+ 26. Qg2 Qh5 27. Re3 b5
28. Rae1 bxc4 29. bxc4 Qg6 30. Qe4 Qb6 31. Qb1 Qa5 32. Re8 Rd8 33. Rxf8+ Rxf8
34. Qb2 Qc7 35. Qa3 Qd6 36. Qa4 Qg6 37. Re8 Qd3+ 38. Kg2 Rxe8 39. Qxe8+ Kh7 40.
Qa4 Qe4+ 41. Kg1 Qe1+ 42. Kg2 Qe4+ 43. Kg1 Qe1+ 44. Kg2 Qe4+ 1/2-1/2

[Event "?"]
[Site "?"]
[Date "????.??.??"]
[Round "?"]
[White "Skindzier, Saturnin"]
[Black "Lillevold, Frode"]
[Result "1/2-1/2"]
[WhiteElo "2247"]
[BlackElo "2097"]
[Annotator "7-08"]
[PlyCount "75"]
[EventDate "2004.08.13"]
[SourceDate "2004.08.13"]

1. d4 d5 2. Nf3 Nf6 3. c4 e6 4. Nc3 Be7 5. Bg5 O-O 6. e3 Nbd7 7. cxd5 Nxd5 8.
Bxe7 Qxe7 9. Bd3 Nxc3 10. bxc3 e5 11. Qc2 g6 12. O-O Re8 13. Nd2 exd4 14. cxd4
c5 15. Nf3 cxd4 16. Nxd4 Ne5 17. Rac1 Bd7 18. Be4 Rac8 19. Qb3 b6 20. Bd5 Rxc1
21. Rxc1 Rc8 22. Rxc8+ Bxc8 23. h3 Bb7 24. Bxb7 Qxb7 25. Qc3 Nd7 26. Nf3 b5 27.
h4 b4 28. Qd4 Nf8 29. h5 Ne6 30. Qf6 gxh5 31. Nh4 a5 32. f4 a4 33. f5 Nf8 34.
Qg5+ Kh8 35. Qf6+ Kg8 36. Qg5+ Kh8 37. Qd8 Kg8 38. Qg5+ 1/2-1/2

[Event "?"]
[Site "?"]
[Date "????.??.??"]
[Round "?"]
[White "Koopmeiners, Karl"]
[Black "Wagenaar, Harm-Theo"]
[Result "1/2-1/2"]
[WhiteElo "1955"]
[BlackElo "2130"]
[Annotator "7-26"]
[PlyCount "95"]
[EventDate "2004.08.13"]
[SourceDate "2004.08.13"]

1. d4 d5 2. c4 c6 3. Nf3 e6 4. cxd5 exd5 5. Nc3 Nf6 6. Bg5 Be7 7. Qc2 Nbd7 8.
e3 O-O 9. Bd3 Re8 10. O-O Nf8 11. Rab1 g6 12. b4 a6 13. a4 b6 14. Rfc1 Bb7 15.
Qe2 Ne4 16. Bxe7 Qxe7 17. Bxe4 dxe4 18. Nd2 f5 19. Qc4+ Qe6 20. Ne2 Nd7 21. h4
Rad8 22. Nf4 Qf7 23. Rc2 Kg7 24. Qxf7+ Kxf7 25. Nb3 h6 26. a5 g5 27. hxg5 hxg5
28. Ne2 b5 29. Rbc1 Kf6 30. Nc5 Nxc5 31. Rxc5 Rd5 32. Rxd5 cxd5 33. Rc5 Ke6 34.
Kf1 Kd6 35. Ng1 f4 36. Nh3 fxe3 37. fxe3 Rg8 38. Rc1 Bc6 39. Kf2 Bd7 40. Kg3
Rg6 41. Nf2 Rf6 42. Rc2 Ke7 43. Rc7 Rc6 44. Rxc6 Bxc6 45. Ng4 Bd7 46. Ne5 Bf5
47. Nc6+ Kf6 48. Ne5 1/2-1/2

[Event "?"]
[Site "?"]
[Date "????.??.??"]
[Round "?"]
[White "Nill, Oliver"]
[Black "Kocur, Marc"]
[Result "1-0"]
[WhiteElo "2212"]
[BlackElo "2013"]
[Annotator "7-19"]
[PlyCount "77"]
[EventDate "2004.08.13"]
[SourceDate "2004.08.13"]

1. c4 e5 2. Nc3 Nc6 3. g3 Nf6 4. Bg2 Bb4 5. Nf3 Bxc3 6. bxc3 O-O 7. O-O d6 8.
Rb1 Qe8 9. d3 Rb8 10. e4 b6 11. Nh4 Kh8 12. Nf5 g6 13. Ne3 Ne7 14. f4 Nd7 15.
d4 f6 16. Qa4 Bb7 17. Ba3 Bc6 18. Qc2 Qf7 19. Nd5 Bxd5 20. cxd5 Qg7 21. Qa4
Rfd8 22. Qxa7 exd4 23. cxd4 f5 24. e5 Rdc8 25. Qa4 Ra8 26. Qb3 b5 27. Kh1 Nb6
28. exd6 cxd6 29. Bxd6 Nc4 30. Be5 Nxe5 31. dxe5 Rab8 32. Rbc1 g5 33. d6 Ng6
34. Rxc8+ Rxc8 35. Qxb5 gxf4 36. Qb7 Qxb7 37. Bxb7 Rc4 38. gxf4 Nxf4 39. d7 1-0

[Event "?"]
[Site "?"]
[Date "????.??.??"]
[Round "?"]
[White "L'Henoret, Thierry"]
[Black "Deleyn, Gunter"]
[Result "1/2-1/2"]
[WhiteElo "2094"]
[BlackElo "2275"]
[Annotator "7-07"]
[PlyCount "107"]
[EventDate "2004.08.13"]
[SourceDate "2004.08.13"]

1. d4 Nf6 2. Nf3 e6 3. e3 b6 4. Bd3 Bb7 5. Nbd2 c5 6. c3 Be7 7. O-O d6 8. e4
cxd4 9. cxd4 Nc6 10. a3 O-O 11. b4 a6 12. Bb2 Nh5 13. Nb3 Nf4 14. Bb1 Qd7 15.
Qd2 e5 16. Ne1 Bg5 17. Qd1 Rad8 18. Nd3 Ng6 19. Qh5 Qe7 20. d5 Nb8 21. Bc1 Bxc1
22. Nbxc1 Nd7 23. f3 Rc8 24. Ne2 Rc7 25. g4 Qh4 26. Qxh4 Nxh4 27. Kf2 b5 28.
Ba2 Nb6 29. Rac1 Rfc8 30. Rxc7 Rxc7 31. Rc1 Rc8 32. Bb3 Ng6 33. Rxc8+ Bxc8 34.
Nb2 Bd7 35. Kg3 Kf8 36. h4 Ne7 37. Nc3 g6 38. a4 bxa4 39. Ncxa4 Nxa4 40. Bxa4
Ke8 41. f4 exf4+ 42. Kxf4 f5 43. gxf5 gxf5 44. Bxd7+ Kxd7 45. Nc4 Ng6+ 46. Kxf5
Nxh4+ 47. Kg5 Nf3+ 48. Kh6 Kc7 49. Kxh7 Ng5+ 50. Kg6 Nxe4 51. Kf5 Nc3 52. Ke6
Nb5 53. Ke7 Nc3 54. Ke6 1/2-1/2

[Event "?"]
[Site "?"]
[Date "????.??.??"]
[Round "?"]
[White "Horvath, Milos"]
[Black "Parisse, Denis"]
[Result "1-0"]
[WhiteElo "1735"]
[BlackElo "1960"]
[Annotator "7-31"]
[PlyCount "79"]
[EventDate "2004.08.13"]
[SourceDate "2004.08.13"]

1. d4 Nf6 2. c4 e5 3. dxe5 Ng4 4. Qd4 d6 5. exd6 Bxd6 6. Nf3 Ne5 7. c5 Nxf3+ 8.
gxf3 Bf8 9. Qc3 Nc6 10. Be3 Bf5 11. Nd2 Qh4 12. f4 Be7 13. Nf3 Qf6 14. Ne5
O-O-O 15. Bg2 Bd7 16. b4 Nxe5 17. fxe5 Qg6 18. O-O h5 19. Kh1 Bc6 20. f3 h4 21.
h3 Bb5 22. a4 Bxe2 23. Rfe1 Bd3 24. b5 Bf5 25. b6 a6 26. bxc7 Rd3 27. Qa5 Bd7
28. e6 Bxe6 29. Qb6 Rb3 30. Qa7 Kxc7 31. c6 Rb2 32. Bf4+ Bd6 33. Bxd6+ Kxd6 34.
Qd4+ Kc7 35. Qxb2 b6 36. a5 b5 37. Qe5+ Kc8 38. Qc5 Qf6 39. Qb6 Qe7 40. Qxa6+
1-0

[Event "?"]
[Site "?"]
[Date "????.??.??"]
[Round "?"]
[White "Lebrun, Roger"]
[Black "Bellardi, Michel"]
[Result "0-1"]
[WhiteElo "1938"]
[BlackElo "2063"]
[Annotator "7-29"]
[PlyCount "165"]
[EventDate "2004.08.13"]
[SourceDate "2004.08.13"]

1. d4 Nf6 2. Nf3 g6 3. c4 Bg7 4. Nc3 d5 5. cxd5 Nxd5 6. Qb3 Nb6 7. Bf4 O-O 8.
Rd1 a5 9. h3 a4 10. Qc2 Nc6 11. a3 Nd5 12. Bh2 Nxc3 13. Qxc3 Be6 14. e3 Bb3 15.
Rc1 Qd5 16. Be2 e5 17. dxe5 Rfe8 18. O-O Rac8 19. Bc4 Bxc4 20. Qxc4 Qxc4 21.
Rxc4 Nxe5 22. Nxe5 Bxe5 23. Bxe5 Rxe5 24. Rxa4 Rb5 25. Rb1 Rb3 26. Rc4 Rd8 27.
Rc2 Kg7 28. Re1 c6 29. Ree2 Rd5 30. Red2 Rdb5 31. h4 h5 32. g3 c5 33. Kg2 c4
34. Rxc4 Rxb2 35. Rxb2 Rxb2 36. Rb4 Ra2 37. a4 Kf6 38. Kf3 Kg7 39. e4 Kf6 40.
Ke3 Ra3+ 41. Kf4 Kg7 42. e5 Rc3 43. Ke4 Rc6 44. Kd5 Ra6 45. f4 Kf8 46. Kc5 Rc6+
47. Kb5 Rc3 48. Kb6 Rxg3 49. Kxb7 Ra3 50. Kb6 Ke7 51. a5 Ke6 52. a6 Kf5 53. a7
Kg4 54. Kb7 Kxh4 55. f5+ Kg5 56. fxg6 fxg6 57. a8=Q Rxa8 58. Kxa8 h4 59. Rxh4
Kxh4 60. e6 g5 61. e7 g4 62. e8=Q g3 63. Qg6 Kh3 64. Qh5+ Kg2 65. Kb7 Kf2 66.
Qf5+ Kg1 67. Qf3 g2 68. Qg3 Kf1 69. Qf3+ Kg1 70. Kc6 Kh2 71. Qh5+ Kg3 72. Qg5+
Kf2 73. Qf4+ Ke1 74. Qg3+ Kf1 75. Qf3+ Kg1 76. Kd5 Kh2 77. Qh5+ Kg3 78. Qg5+
Kf3 79. Kd4 Kf2 80. Qf4+ Ke1 81. Qg3+ Kf1 82. Qf3+ Kg1 83. Ke3 0-1

[Event "?"]
[Site "?"]
[Date "????.??.??"]
[Round "?"]
[White "Tommasini, Enzo"]
[Black "Kilic, Mehmet"]
[Result "0-1"]
[WhiteElo "2128"]
[BlackElo "1799"]
[Annotator "7-27"]
[PlyCount "112"]
[EventDate "2004.08.13"]
[SourceDate "2004.08.13"]

1. d4 Nf6 2. c4 c5 3. d5 b5 4. cxb5 a6 5. bxa6 Bxa6 6. Nc3 g6 7. g3 d6 8. Bg2
Bg7 9. Nf3 O-O 10. O-O Nbd7 11. Rb1 Qb6 12. Re1 Rfb8 13. Qc2 Bc4 14. Nd2 Ba6
15. b3 Ne5 16. Bb2 Qc7 17. Na4 Nfd7 18. a3 f5 19. Nc3 Nf6 20. h3 h6 21. Nd1 Nh5
22. Kh2 Bb7 23. Ne3 Nf6 24. f4 Ned7 25. g4 fxg4 26. hxg4 Nf8 27. Ndc4 Bc8 28.
Bf3 Qb7 29. Bc3 Qc7 30. Rg1 Qd7 31. Rg3 Ra7 32. g5 hxg5 33. f5 gxf5 34. Rxg5
N8h7 35. Rbg1 Nxg5 36. Rxg5 Qe8 37. Ng2 Kf7 38. Nf4 Qh8+ 39. Bh5+ Nxh5 40. Rxh5
Bxc3 41. Rxh8 Bxh8 42. Kg2 Bd7 43. Kf3 Rab7 44. Nd2 Be5 45. Nd3 Bf6 46. e3 e5
47. dxe6+ Bxe6 48. Nf4 Be5 49. Nxe6 Kxe6 50. Qc4+ Kf6 51. Qd5 Re7 52. a4 Rb4
53. Nc4 Rxb3 54. Nxe5 Rxe3+ 55. Kxe3 Rxe5+ 56. Qxe5+ Kxe5 0-1

[Event "?"]
[Site "?"]
[Date "????.??.??"]
[Round "?"]
[White "Gooris, Jan"]
[Black "Bieluszewski, Piotr"]
[Result "0-1"]
[WhiteElo "2113"]
[BlackElo "2169"]
[Annotator "7-17"]
[PlyCount "113"]
[EventDate "2004.08.13"]
[SourceDate "2004.08.13"]

1. e4 c5 2. Nf3 e6 3. g3 Nc6 4. Bg2 g6 5. O-O Bg7 6. d3 Nge7 7. Nbd2 O-O 8. Qe2
d6 9. a4 Rb8 10. Nc4 a6 11. Bf4 e5 12. Bd2 f5 13. a5 f4 14. Nb6 Bg4 15. h3 Nd4
16. Qd1 Nxf3+ 17. Bxf3 Bxh3 18. Re1 fxg3 19. fxg3 Nc6 20. Bg4 Bxg4 21. Qxg4 Nd4
22. Rf1 Qe7 23. Bg5 Rxf1+ 24. Rxf1 Qe8 25. Nd7 h5 26. Qh3 Rc8 27. Nf6+ Bxf6 28.
Rxf6 Rc7 29. c3 Nb5 30. Re6 Qf7 31. Kg2 Kh7 32. Rf6 Qb3 33. g4 Qd1 34. gxh5
Qxh5 35. Qxh5+ gxh5 36. Kh3 c4 37. Rf3 cxd3 38. Rxd3 Rc4 39. Be7 Rxe4 40. Bxd6
Kg6 41. Bb8 Re2 42. c4 Nd4 43. Bxe5 Ne6 44. Bd6 Rxb2 45. Kg3 Ng5 46. Bc7 Rb4
47. Rd6+ Kf7 48. Rd7+ Ke6 49. Rd6+ Ke7 50. Rd5 Ne4+ 51. Kf4 Rxc4 52. Bd8+ Ke8
53. Ke5 Nc5 54. Bg5 Nd7+ 55. Ke6 Rc6+ 56. Kf5 Rc5 57. Ke4 0-1

[Event "?"]
[Site "?"]
[Date "????.??.??"]
[Round "?"]
[White "Geerts, Luc"]
[Black "Zilka, Jozef"]
[Result "1-0"]
[WhiteElo "1573"]
[BlackElo "1458"]
[Annotator "7-39"]
[PlyCount "81"]
[EventDate "2004.08.13"]
[SourceDate "2004.08.13"]

1. d4 d5 2. c4 c6 3. Nc3 Nf6 4. cxd5 cxd5 5. Nf3 e6 6. Ne5 Nbd7 7. Nxd7 Bxd7 8.
e3 Rc8 9. Bd3 Bd6 10. O-O O-O 11. e4 dxe4 12. Nxe4 Nxe4 13. Bxe4 Qh4 14. f4 b6
15. Qd3 Bc6 16. g3 Bxe4 17. Qxe4 Qe7 18. a3 Rc4 19. Qd3 Rfc8 20. Bd2 Rc2 21.
Bc3 R2xc3 22. bxc3 Bxa3 23. Ra2 Bd6 24. Re1 Qb7 25. c4 Rd8 26. Qe4 Qd7 27. Rd1
h6 28. Kg2 f5 29. Qf3 Qf7 30. Rda1 a5 31. Rd1 Kh7 32. c5 e5 33. Rad2 e4 34. Qc3
Be7 35. Qe3 bxc5 36. dxc5 Rxd2+ 37. Rxd2 Qh5 38. c6 Bc5 39. Qxc5 Qf3+ 40. Kg1
e3 41. Qxf5+ 1-0

[Event "?"]
[Site "?"]
[Date "????.??.??"]
[Round "?"]
[White "Wantiez, Fabrice"]
[Black "Toll, Alec"]
[Result "1-0"]
[WhiteElo "2207"]
[BlackElo "2091"]
[Annotator "7-13"]
[PlyCount "65"]
[EventDate "2004.08.13"]
[SourceDate "2004.08.13"]

1. e4 Nc6 2. d4 d5 3. e5 Bf5 4. c3 e6 5. Ne2 f6 6. f4 h5 7. Ng3 Bg4 8. Qb3 h4
9. Qxb7 Na5 10. Qb5+ c6 11. Qd3 Ne7 12. Be2 Bxe2 13. Nxe2 Nf5 14. O-O c5 15.
dxc5 Bxc5+ 16. Kh1 Nc6 17. exf6 gxf6 18. Nd2 Kf7 19. Nb3 Qb6 20. Nxc5 Qxc5 21.
b4 Qb6 22. a4 a6 23. Rf3 Rab8 24. Be3 Nxe3 25. Rxe3 d4 26. Nxd4 Nxd4 27. cxd4
Rbd8 28. f5 e5 29. Qb3+ Kg7 30. dxe5 fxe5 31. Rxe5 Qd6 32. Rae1 h3 33. Re7+ 1-0

[Event "?"]
[Site "?"]
[Date "????.??.??"]
[Round "?"]
[White "Bon, Michael"]
[Black "Cheung, Jan"]
[Result "1-0"]
[WhiteElo "2163"]
[BlackElo "2100"]
[Annotator "7-10"]
[PlyCount "91"]
[SourceDate "2004.08.13"]

1. e4 c5 2. Nf3 d6 3. d4 cxd4 4. Nxd4 Nf6 5. Nc3 Nc6 6. Bc4 e6 7. Be3 Be7 8.
Qe2 a6 9. a4 O-O 10. O-O Qc7 11. f4 Bd7 12. f5 Nxd4 13. Bxd4 Rac8 14. Bb3 e5
15. Bf2 Qa5 16. Bh4 Rxc3 17. bxc3 Qxc3 18. Bxf6 Bxf6 19. Qd3 Qxd3 20. cxd3 Bg5
21. a5 Bb5 22. Bc4 Bxc4 23. dxc4 Be3+ 24. Kh1 Rc8 25. Rfb1 Rxc4 26. Rxb7 h5 27.
g3 Bc5 28. Rb8+ Kh7 29. Rf8 f6 30. Ra8 Rxe4 31. Rxa6 Re2 32. Ra8 Rf2 33. a6
Rxf5 34. Rc8 Bd4 35. Rd1 Be3 36. Rc3 Bd4 37. Ra3 Bc5 38. a7 Bxa7 39. Rxa7 h4
40. Rxd6 h3 41. Kg1 Kh6 42. Rdd7 Rg5 43. Re7 Kh7 44. Kf2 Kh6 45. Kf3 Kh7 46.
Ra4 1-0

[Event "?"]
[Site "?"]
[Date "????.??.??"]
[Round "?"]
[White "Karbowiak, Adam"]
[Black "Hammond, Andrew"]
[Result "0-1"]
[WhiteElo "2256"]
[BlackElo "2210"]
[Annotator "7-04"]
[PlyCount "82"]
[SourceDate "2004.08.13"]

1. c4 Nf6 2. g3 g6 3. Bg2 Bg7 4. Nc3 O-O 5. Nf3 d6 6. O-O Nbd7 7. Rb1 a5 8. a3
Nb6 9. d3 Nfd7 10. Nd5 c6 11. Nxb6 Nxb6 12. Bd2 d5 13. cxd5 Nxd5 14. Qc2 e5 15.
b4 axb4 16. axb4 Nc7 17. Bc3 Nb5 18. Bb2 Ra2 19. Qc1 Re8 20. Nd2 Bg4 21. Re1
Ra4 22. Ba1 Qe7 23. Qc5 Qxc5 24. bxc5 Ra2 25. Bb2 f6 26. Ne4 Bc8 27. Nc3 Rxb2
28. Rxb2 Nxc3 29. Ra1 Nb5 30. Ra8 Nc7 31. Rb8 Na6 32. Ra8 Kf8 33. Rb6 Nc7 34.
Ra5 f5 35. e3 Rd8 36. Kf1 Bf6 37. f4 exf4 38. gxf4 Rxd3 39. Bxc6 bxc6 40. Rxc6
Bd8 41. Ra8 Nxa8 0-1

[Event "?"]
[Site "?"]
[Date "????.??.??"]
[Round "?"]
[White "Kraft, Matthias"]
[Black "Marek, Mariusz"]
[Result "1-0"]
[WhiteElo "2100"]
[BlackElo "2155"]
[Annotator "7-05"]
[PlyCount "99"]
[SourceDate "2004.08.13"]

1. Nf3 c5 2. g3 g6 3. Bg2 Bg7 4. O-O Nc6 5. c4 e5 6. Nc3 Nge7 7. Rb1 d6 8. a3
a5 9. d3 O-O 10. Bg5 f6 11. Bd2 Be6 12. e4 Qd7 13. Nd5 Nc8 14. b4 axb4 15. axb4
b6 16. bxc5 bxc5 17. Rb3 Bg4 18. Bc3 f5 19. Qb1 fxe4 20. Ng5 Qf5 21. Nxe4 Bf3
22. Ne3 Qh5 23. Rb7 Bxg2 24. Kxg2 Qf3+ 25. Kg1 Nd8 26. Rd7 Qh5 27. Nxd6 Qh3 28.
Nxc8 Rxc8 29. Re7 Nc6 30. Nd5 Rf3 31. Qb7 Bf8 32. Rd7 Rd8 33. Rxd8 Nxd8 34.
Ne7+ Bxe7 35. Qxf3 Nf7 36. Ra1 Qd7 37. Ra8+ Kg7 38. Qe4 Bf6 39. f4 Qe6 40. fxe5
Bg5 41. Qd5 Qg4 42. e6+ Kh6 43. Ra1 Be3+ 44. Kh1 Nd6 45. Bg7+ Kxg7 46. Qe5+ Kh6
47. Qxe3+ g5 48. e7 Qd7 49. Kg1 Ne8 50. Ra6+ 1-0

[Event "?"]
[Site "?"]
[Date "????.??.??"]
[Round "?"]
[White "Mottais, Francois"]
[Black "Vercauteren, Daniel"]
[Result "1-0"]
[WhiteElo "2062"]
[BlackElo "1669"]
[Annotator "7-24"]
[PlyCount "93"]
[SourceDate "2004.08.13"]

1. d4 e5 2. dxe5 Nc6 3. e4 Nxe5 4. f4 Nc6 5. Be3 Nge7 6. Bc4 d6 7. Nf3 Be6 8.
Bxe6 fxe6 9. Ng5 Qd7 10. Qg4 e5 11. f5 O-O-O 12. Nf7 Rg8 13. Nxd8 Nxd8 14. Qf3
d5 15. O-O d4 16. Bg5 Nf7 17. Bxe7 Bxe7 18. Nd2 Qc6 19. Qb3 Rf8 20. Nf3 Bf6 21.
Qe6+ Qxe6 22. fxe6 Nd8 23. e7 Bxe7 24. Nxe5 Bf6 25. Ng4 Be7 26. Rxf8 Bxf8 27.
Rf1 Be7 28. Rf5 Kd7 29. Kf1 Ne6 30. Ke2 Bc5 31. Ne5+ Ke7 32. Nd3 Bb6 33. Nf4
Nxf4+ 34. Rxf4 h6 35. Kd3 c5 36. Kc4 Bc7 37. Rf5 Bd6 38. h3 Ke6 39. a4 a6 40.
h4 b6 41. Rd5 Be7 42. h5 Bd6 43. Rf5 b5+ 44. axb5 axb5+ 45. Kxb5 Ke7 46. Rxc5
Bxc5 47. Kxc5 1-0